PLC trong điều khiển các quá trình công nghiệp: Bộ điều khiển khả lập trình PLC
Gorde:
| Egile nagusia: | |
|---|---|
| Formatua: | Liburua |
| Hizkuntza: | Undetermined |
| Argitaratua: |
Tp HCM
ĐHQG
2003
|
| Gaiak: | |
| Etiketak: |
Etiketa erantsi
Etiketarik gabe, Izan zaitez lehena erregistro honi etiketa jartzen!
|
| Thư viện lưu trữ: | Trung tâm Học liệu Trường Đại học Cần Thơ |
|---|
| LEADER | 00650nam a2200181Ia 4500 | ||
|---|---|---|---|
| 001 | CTU_56884 | ||
| 008 | 210402s9999 xx 000 0 und d | ||
| 020 | |b 25000 | ||
| 082 | |a 629.895 | ||
| 082 | |b Qu451 | ||
| 100 | |a Lê Hoài Quốc | ||
| 245 | 0 | |a PLC trong điều khiển các quá trình công nghiệp: Bộ điều khiển khả lập trình PLC | |
| 245 | 0 | |c Lê Hoài Quốc và Chung Tấn Lâm | |
| 260 | |a Tp HCM | ||
| 260 | |b ĐHQG | ||
| 260 | |c 2003 | ||
| 650 | |a electronic apparatus and appliances,automatic control,programmable controllers | ||
| 980 | |a Trung tâm Học liệu Trường Đại học Cần Thơ | ||